Alphabetical Fivesomes II Quiz Stats

 Plays Quiz Updated Jan 25, 2016

Challenge
Share
Tweet
Embed
Score 0/50 Timer 06:00
19 Plays Today
% Correct
Bart
89.9%
Center
86.7%
Marge
86.5%
Homer
86.5%
Lisa
85.1%
Maggie
84.4%
Power Forward
82.3%
Navy
82.3%
Small Forward
82%
Point Guard
82%
Index
81.8%
Marine Corps
81.5%
Anger
81.3%
Thumb
81.2%
Ring
81.2%
Sadness
80.9%
Coast Guard
80.9%
Joy
80.4%
Shooting Guard
80.4%
Fear
80%
Middle
79.7%
Army
79.3%
Pinky
79.1%
Tropic of Capricorn
79.1%
Kylie
79%
% Correct
Kim
78.3%
Arctic Circle
78.2%
Kourtney
77.9%
Tropic of Cancer
77.2%
Equator
76.9%
Disgust
76%
Kendall
74.3%
Antarctic Circle
74.2%
Khloé
74.1%
Iodine
73.5%
Chlorine
71.8%
Ezekiel
71.6%
Michael
71.6%
Fluorine
71.4%
Tito
71.2%
Air Force
70.8%
Isaiah
69.3%
Jeremiah
68.8%
Bromine
68.4%
Jermaine
67.4%
Jackie
65.1%
Marlon
64.4%
Daniel
64.3%
Lamentations
64.1%
Astatine
63.7%

You're not logged in!

Compare scores with friends on all Sporcle quizzes.
Join for Free
OR
Log In

You Might Also Like...

Show Comments

Extras

Top Quizzes Today


Score Distribution

Your Account Isn't Verified!

In order to create a playlist on Sporcle, you need to verify the email address you used during registration. Go to your Sporcle Settings to finish the process.

Report this User

Report this user for behavior that violates our Community Guidelines.

Details: